Die Nährstoffe einer Banane - Statistiken

Allgemein
  • Dieses Quiz wurde 40 mal gespielt
  • Das Durchschnittsergebnis liegt bei 6 aus 11
Antwortstatistiken
Inhalt Nährstoff % Korrekt
31mg Magnesium
76%
1,2g Eiweiß
70%
8mg Kalzium
70%
0,2g Fett
62%
20g Kohlenhydrate
62%
11mg Vitamin C
59%
0,3mg Eisen
51%
0,3mg Vitamin E
41%
0,4mg Vitamin B6
32%
0,1mg Vitamin B2
19%
27mg Phosphor
11%
Keine übereinstimmenden Quizze gefunden
Verteilung der Resultate
Anzahl Personen mit jedem Resultat
Perzentil nach korrekt beantworteten Fragen
Ihre Resultats-Entwicklung
Sie haben dieses Quiz noch nicht gespielt